000 00631nam a22002417a 4500
003 OSt
005 20180116183002.0
008 150226b xxu||||| |||| 00| 0 eng d
020 _a9780070220911
022 _a0070220913
040 _c0
050 _a658.8
082 _a658.8
100 _aDwyer,F.Robert
245 _aBusiness Marketing.
_bConnecting Strategy,Relationships,and Learning.
_cF.Robert Dwyer
250 _a3rd.
260 _aNew Delhi
_bTata McGraw Hill Education.
_c2010
300 _a684p.
500 _aPaper Cover
600 _aDwyer,F.Robert
700 _aDwyer,F.Robert
942 _2ddc
_cBK
_k658.8
999 _c349881
_d349881